BIBLIOTECA

SENCICO

Conciliación y arbitraje en los conflictos de trabajo : estudio comparativo (Registro nro. 2980)

Detalles MARC
000 -LEADER
fixed length control field 00694nam a2200193Ia 4500
005 - DATE AND TIME OF LATEST TRANSACTION
control field 20251020182559.0
008 - FIXED-LENGTH DATA ELEMENTS--GENERAL INFORMATION
fixed length control field 200515s9999 xx 000 0 und d
082 ## - DEWEY DECIMAL CLASSIFICATION NUMBER
Classification number SC/331.0111/O65/1981
110 ## - MAIN ENTRY--CORPORATE NAME
Corporate name or jurisdiction name as entry element OIT
245 #0 - TITLE STATEMENT
Title Conciliación y arbitraje en los conflictos de trabajo : estudio comparativo
260 ## - PUBLICATION, DISTRIBUTION, ETC.
Place of publication, distribution, etc. Ginebra
260 ## - PUBLICATION, DISTRIBUTION, ETC.
Date of publication, distribution, etc. 1981
300 ## - PHYSICAL DESCRIPTION
Extent 191
520 ## - SUMMARY, ETC.
Summary, etc. Análisis comparativos publicados por la OIT sobre los sistemas de negociación colectiva y que sirve de base conceptual a las guías prácticas sobre la conciliación y el arbitraje de las reclamaciones en orden laboral
650 ## - SUBJECT ADDED ENTRY--TOPICAL TERM
Topical term or geographic name entry element ARBITRAJE
650 ## - SUBJECT ADDED ENTRY--TOPICAL TERM
Topical term or geographic name entry element NEGOCIACION COLETIVA
650 ## - SUBJECT ADDED ENTRY--TOPICAL TERM
Topical term or geographic name entry element PUB OIT
942 ## - ADDED ENTRY ELEMENTS (KOHA)
Koha item type Libros
Existencias
Fecha de la última vez que lo usaron Pago total Signatura topográfica completa Código de barras Precio efectivo desde Tipo de documento Estado perdido Estado dañado No es para préstamo Retirado Ubicación permanente Ubicación actual Fecha de adquisición
15/05/2020   SC/331.0111/O65/1981 Bib-Lima15052980 15/05/2020 Libros         Biblioteca Central Lima Biblioteca Central Lima 15/05/2020